000 01351nam a2200337Ia 4500
001 ebr10408488
003 CaPaEBR
006 m u
007 cr cn|||||||||
008 091026s2010 ne sb 001 0 eng d
010 _z 2009045280
020 _z9789027238153 (hb : alk. paper)
020 _z9789027288530 (eb : alk. paper)
040 _aCaPaEBR
_cCaPaEBR
035 _a(OCoLC)663885740
050 1 4 _aPK2812
_b.C47 2010eb
082 0 4 _a491.4/85
_222
100 1 _aChandralal, Dileep.
245 1 0 _aSinhala
_h[electronic resource] /
_cDileep Chandralal.
260 _aAmsterdam ;
_aPhiladelphia :
_bJohn Benjamins Pub. Co.,
_c2010.
300 _axiv, 296 p.
490 1 _aLondon Oriental and African language library,
_x1382-3485 ;
_v15
504 _aIncludes bibliographical references and index.
533 _aElectronic reproduction.
_bPalo Alto, Calif. :
_cebrary,
_d2011.
_nAvailable via World Wide Web.
_nAccess may be limited to ebrary affiliated libraries.
650 0 _aSinhalese language
_xGrammar.
650 0 _aIndo-Aryan languages, Modern.
655 7 _aElectronic books.
_2local
710 2 _aebrary, Inc.
830 0 _aLondon Oriental and African language library ;
_v15.
856 4 0 _uhttp://site.ebrary.com/lib/rucke/Doc?id=10408488
_zAn electronic book accessible through the World Wide Web; click to view
999 _c183078
_d183078